Veterinary dentistry for the general practitioner (Record no. 2570)

MARC details
000 -LEADER
fixed length control field 00391nam a22001577a 4500
008 - FIXED-LENGTH DATA ELEMENTS--GENERAL INFORMATION
fixed length control field 250320b |||||||| |||| 00| 0 eng d
020 ## - INTERNATIONAL STANDARD BOOK NUMBER
ISBN 978070204939
100 ## - MAIN ENTRY--AUTHOR
Author Gorrel Cecilia
245 ## - TITLE STATEMENT
Title Veterinary dentistry for the general practitioner
250 ## - EDITION STATEMENT
Edition statement 2nd
260 ## - PUBLICATION, DISTRIBUTION, ETC. (IMPRINT)
Name of publisher Elsevier
Date of publication 2013
300 ## - COLLATION
Pagination ix,228p
650 ## - TRACINGS
Main Subject Veterinary dentistry
942 ## - ADDED ENTRY ELEMENTS (KOHA)
Item type Books
050 ## - LIBRARY OF CONGRESS CALL NUMBER
Classification number SF867
Item number .G67
Holdings
Source of classification or shelving scheme Not for loan Permanent location Current location Date acquired Accession No. Full call number Barcode. Koha item type
Library of Congress Classification   Samuel Ogbemudia Main Library, University of Abuja Samuel Ogbemudia Main Library, University of Abuja 03/20/2025 2024/63507 SF867.G67 2025-0852 Books